[Event "Online Olym Top DivC 2020"]
[Site "chess.com INT"]
[Date "2020.08.23"]
[Round "8.1"]
[Board "5"]
[White "Fawzy, Adham"]
[Black "Livaic, Leon"]
[Result "0-1"]
[WhiteTitle "GM"]
[BlackTitle "IM"]
[WhiteElo "2467"]
[BlackElo "2507"]
[WhiteTeam "Egypt"]
[BlackTeam "Croatia"]
[WhiteFideId "10613129"]
[BlackFideId "14531534"]
[EventDate "2020.08.21"]
[EventType "team"]

1. e4 e5 2. Nf3 d6 3. d4 exd4 4. Qxd4 Nc6 5. Bb5 Bd7 6. Bxc6 Bxc6 7. Nc3 Nf6 8.
Bg5 Be7 9. O-O-O O-O 10. Rhe1 Re8 11. h4 h6 12. Bf4 Ng4 13. Nd5 Bxd5 14. exd5
Bf6 15. Rxe8+ Qxe8 16. Qd2 Qa4 17. Kb1 Nxf2 18. Qxf2 Qxf4 19. Qe2 a6 20. c4 Bxh4
21. Nxh4 Qxh4 22. Re1 Qd4 23. a3 Rb8 24. Rd1 Qe5 25. Qc2 Re8 26. Ka2 Qe4 27. Rd3
Re5 28. Qb3 b6 29. g3 a5 30. Rc3 Qd4 31. Qb5 Re2 32. Rb3 Qc5 33. Qxc5 dxc5 34.
d6 cxd6 35. Rxb6 h5 36. Rxd6 Re3 37. Rc6 Re5 38. Ra6 g5 39. Rxa5 h4 40. gxh4 g4
41. Ra8+ Kg7 42. Rd8 f5 43. b4 cxb4 44. axb4 g3 45. b5 g2 46. Rd1 f4 47. b6 f3
48. Rg1 Kh7 49. b7 Re8 50. Re1 Rb8 51. Re7+ Kh6 52. c5 g1=Q 53. c6 Qa7+ 54. Kb3
Qb6+ 55. Kc2 Qc5+ 0-1

[Event "Online Olym Top DivC 2020"]
[Site "chess.com INT"]
[Date "2020.08.23"]
[Round "8.1"]
[Board "6"]
[White "Cvitan, Ena"]
[Black "Adel, Sara"]
[Result "1-0"]
[WhiteTitle "FM"]
[BlackTitle "WFM"]
[WhiteElo "2242"]
[BlackElo "1741"]
[WhiteTeam "Croatia"]
[BlackTeam "Egypt"]
[WhiteFideId "14534215"]
[BlackFideId "10616764"]
[EventDate "2020.08.21"]
[EventType "team"]

1. d4 Nf6 2. c4 g6 3. Nc3 d6 4. e4 Bg7 5. h3 O-O 6. Be3 Nbd7 7. Nf3 e5 8. d5 a5
9. g4 Nc5 10. Nd2 c6 11. Be2 cxd5 12. cxd5 b6 13. g5 Ne8 14. h4 f5 15. f3 fxe4
16. fxe4 Ba6 17. Bxa6 Rxa6 18. Qe2 Ra7 19. O-O-O Nc7 20. h5 Qe8 21. h6 Bh8 22.
Rhf1 b5 23. Rxf8+ Kxf8 24. Qf2+ Kg8 25. Bxc5 dxc5 26. Qxc5 Rb7 27. Nb3 b4 28.
Qc6 Qb8 29. Na4 Nb5 30. Qe6+ 1-0

[Event "Online Olym Top DivC 2020"]
[Site "chess.com INT"]
[Date "2020.08.23"]
[Round "8.2"]
[Board "1"]
[White "Nassr, Ali"]
[Black "Sanal, Vahap"]
[Result "1/2-1/2"]
[WhiteTitle "IM"]
[BlackTitle "GM"]
[WhiteElo "2232"]
[BlackElo "2581"]
[WhiteTeam "Algeria"]
[BlackTeam "Turkey"]
[WhiteFideId "7900520"]
[BlackFideId "6300545"]
[EventDate "2020.08.21"]
[EventType "team"]

1. d4 d5 2. c4 e6 3. Nc3 a6 4. cxd5 exd5 5. Nf3 h6 6. Bf4 Nf6 7. e3 Bd6 8. Bxd6
Qxd6 9. h3 Be6 10. Bd3 Nbd7 11. O-O O-O 12. Qc2 Kh8 13. Rac1 c6 14. Na4 Rg8 15.
Nc5 Rab8 16. Nxd7 Nxd7 17. Bh7 Rge8 18. Bd3 Rg8 19. Bh7 Rge8 20. Bd3 Rg8 1/2-1/2

[Event "Online Olym Top DivC 2020"]
[Site "chess.com INT"]
[Date "2020.08.23"]
[Round "8.2"]
[Board "2"]
[White "Ali Marandi, Cemil Can"]
[Black "Achour, Mohamed Anis"]
[Result "1/2-1/2"]
[WhiteTitle "GM"]
[WhiteElo "2543"]
[BlackElo "2006"]
[WhiteTeam "Turkey"]
[BlackTeam "Algeria"]
[WhiteFideId "6300529"]
[BlackFideId "7904649"]
[EventDate "2020.08.21"]
[EventType "team"]

1. d4 Nf6 2. Bg5 d5 3. Nd2 e6 4. Ngf3 Be7 5. e3 b6 6. c3 Bb7 7. Bd3 Ne4 8. Bxe7
Qxe7 9. Qc2 f5 10. Ne5 O-O 11. O-O Nd7 12. Nxd7 Qxd7 13. Nf3 Qd6 14. a4 c5 15.
a5 Rac8 16. Ne5 Nf6 17. axb6 axb6 18. Ra7 Rc7 19. Rfa1 Nd7 20. Nxd7 Rxd7 21. Bb5
Rdf7 22. f4 cxd4 23. cxd4 Rc7 24. Qd2 Rfc8 25. Bd3 Qe7 26. h3 h6 27. Kh2 g5 28.
R1a3 g4 29. Qf2 h5 30. h4 Qb4 31. Rc3 Rxc3 32. bxc3 Qxc3 33. Bxf5 exf5 34. Rxb7
Re8 35. Qa2 Qc6 36. Qa7 g3+ 37. Kxg3 Rxe3+ 38. Kh2 Qg6 39. Rb8+ Re8 40. Rxe8+
Qxe8 41. Qxb6 Qe4 42. Qg6+ Kf8 43. Qf6+ Kg8 44. Qe5 Kf7 45. Kg3 Kg6 46. Qh8 Qe3+
47. Kh2 Qxf4+ 48. Kg1 Qc1+ 49. Kh2 Qf4+ 50. Kg1 Qc1+ 51. Kh2 Qf4+ 1/2-1/2

[Event "Online Olym Top DivC 2020"]
[Site "chess.com INT"]
[Date "2020.08.23"]
[Round "8.2"]
[Board "3"]
[White "Abdelaziz, Tinhinane"]
[Black "Atalik, Ekaterina"]
[Result "0-1"]
[BlackTitle "IM"]
[WhiteElo "1416"]
[BlackElo "2450"]
[WhiteTeam "Algeria"]
[BlackTeam "Turkey"]
[WhiteFideId "7912170"]
[BlackFideId "4130189"]
[EventDate "2020.08.21"]
[EventType "team"]

1. e4 e5 2. d4 exd4 3. c3 d3 4. Bxd3 d6 5. h3 Nf6 6. Nf3 Nc6 7. O-O Be7 8. Be3
O-O 9. Nbd2 b6 10. Re1 Bb7 11. Nd4 Nxd4 12. Bxd4 Nd7 13. Qc2 Nc5 14. Bxc5 dxc5
15. Rad1 Qc8 16. Nf1 Qe6 17. b3 Rad8 18. Ne3 Bg5 19. Ng4 h5 20. Ne3 g6 21. Nf1
Bh6 22. Nd2 Bg7 23. Nf3 Qe7 24. Bc4 Rxd1 25. Qxd1 Bxc3 26. Re3 Bg7 27. Qc2 a6
28. a4 Bd4 29. Nxd4 cxd4 30. Rg3 Kg7 31. Qd1 Qe5 32. Qe2 Re8 33. Bxa6 Bxe4 34.
Bb5 Re7 35. Bd3 Bxd3 36. Qxe5+ Rxe5 37. Rxd3 Re1+ 38. Kh2 c5 39. Kg3 Kf6 40. Kf4
Ke6 41. g3 f6 42. Kf3 Kd5 43. Kf4 c4 44. bxc4+ Kxc4 45. Rd2 d3 46. Kf3 Kc3 47.
Ra2 d2 0-1

[Event "Online Olym Top DivC 2020"]
[Site "chess.com INT"]
[Date "2020.08.23"]
[Round "8.2"]
[Board "4"]
[White "Yildiz Kadioglu, Betul Cemre"]
[Black "Belattar, Ines"]
[Result "1-0"]
[WhiteTitle "WGM"]
[WhiteElo "2362"]
[BlackElo "1729"]
[WhiteTeam "Turkey"]
[BlackTeam "Algeria"]
[WhiteFideId "6302920"]
[BlackFideId "7910282"]
[EventDate "2020.08.21"]
[EventType "team"]

1. Nf3 d5 2. d4 Nc6 3. g3 Nf6 4. Bg2 Bf5 5. O-O e6 6. b3 Be7 7. c4 dxc4 8. bxc4
Qd7 9. Bb2 O-O 10. Nbd2 Rfd8 11. e3 Ne4 12. Qe2 Nxd2 13. Nxd2 Bf6 14. Nb3 Rab8
15. e4 Bg6 16. e5 Be7 17. Rfd1 f6 18. exf6 Bxf6 19. Nc5 Qd6 20. Qxe6+ Bf7 21.
Qxd6 cxd6 22. Ne4 Bxc4 23. Nxf6+ gxf6 24. d5 Ne5 25. f4 Ng4 26. Bd4 b6 27. h3
Nh6 28. Bxf6 Re8 29. Rac1 Bb5 30. Rc7 Nf5 31. Rdc1 Ba6 32. g4 Ne3 33. Rg7+ Kf8
34. Rcc7 Rb7 35. Rxb7 Bxb7 36. Rxb7 Nxg2 37. Kxg2 Re2+ 38. Kg3 Rxa2 39. Be7+ Ke8
40. Bxd6 Ra3+ 1-0

[Event "Online Olym Top DivC 2020"]
[Site "chess.com INT"]
[Date "2020.08.23"]
[Round "8.2"]
[Board "5"]
[White "Brahami, Lamine"]
[Black "Gokerkan, Cem Kaan"]
[Result "1/2-1/2"]
[WhiteTitle "FM"]
[BlackTitle "IM"]
[WhiteElo "2194"]
[BlackElo "2461"]
[WhiteTeam "Algeria"]
[BlackTeam "Turkey"]
[WhiteFideId "7905637"]
[BlackFideId "6336760"]
[EventDate "2020.08.21"]
[EventType "team"]

1. d4 Nf6 2. c4 g6 3. Nc3 Bg7 4. Nf3 O-O 5. Bg5 h6 6. Bh4 c5 7. d5 d6 8. e4 g5
9. Bg3 Nh5 10. Bd3 Bg4 11. O-O Nd7 12. Be2 Qb6 13. Qc2 f5 14. exf5 Bxf5 15. Bd3
Bxd3 16. Qxd3 Nxg3 17. hxg3 Qxb2 18. Nb5 Rac8 19. Rae1 Rf7 20. Re2 Qf6 21. Re6
Qb2 22. Re2 Qf6 23. Re6 Qb2 24. Re2 1/2-1/2

[Event "Online Olym Top DivC 2020"]
[Site "chess.com INT"]
[Date "2020.08.23"]
[Round "8.2"]
[Board "6"]
[White "Ozbay, Ece"]
[Black "Djerroud, Chahrazed"]
[Result "1-0"]
[WhiteTitle "WFM"]
[WhiteElo "2027"]
[BlackElo "1496"]
[WhiteTeam "Turkey"]
[BlackTeam "Algeria"]
[WhiteFideId "6351743"]
[BlackFideId "7910762"]
[EventDate "2020.08.21"]
[EventType "team"]

1. e4 e5 2. Nf3 Nc6 3. Bb5 a6 4. Ba4 Bc5 5. O-O b5 6. Bb3 Nf6 7. c3 Bb6 8. d4 d6
9. Re1 O-O 10. h3 Re8 11. d5 Ne7 12. a4 Bb7 13. Bg5 Ng6 14. Nbd2 h6 15. Be3 Bxe3
16. Rxe3 Nh5 17. Nf1 Ngf4 18. Ng3 Nxg3 19. fxg3 Nh5 20. Kh2 Qf6 21. Qe2 Qg6 22.
Nh4 Qf6 23. Qxh5 Re7 24. Qf3 Qxf3 25. Rxf3 c6 26. Nf5 Rd7 27. Ne3 c5 28. Rff1 b4
29. cxb4 cxb4 30. Nc4 Rc7 31. Nxd6 Rb8 32. Rac1 Rd7 33. Nxb7 Rbxb7 34. Rc6 a5
35. d6 Kh7 36. Rfc1 Rb8 37. Ra6 Rbd8 38. Rcc6 Kg6 39. Bc4 Kf6 40. Rxa5 Rxd6 41.
Rxd6+ Rxd6 42. Ra6 Rxa6 43. Bxa6 Ke6 44. Bc4+ Kd6 45. Bxf7 Kc5 46. b3 Kd4 47. g4
g5 48. Bd5 Kc5 49. h4 Kd4 50. Kg3 Kc5 51. Kf3 Kd4 52. g3 Kc5 53. Ke3 Kb6 54. Kd3
Kc5 55. Bf7 Kb6 56. Kc4 Ka5 57. Kd5 Kb6 58. Kxe5 1-0

[Event "Online Olym Top DivC 2020"]
[Site "chess.com INT"]
[Date "2020.08.23"]
[Round "8.3"]
[Board "1"]
[White "Tissir, Mohamed"]
[Black "Stoyanov, Tsvetan"]
[Result "1/2-1/2"]
[WhiteTitle "IM"]
[BlackTitle "FM"]
[WhiteElo "2379"]
[BlackElo "2387"]
[WhiteTeam "Morocco"]
[BlackTeam "Bulgaria"]
[WhiteFideId "9000240"]
[BlackFideId "2917173"]
[EventDate "2020.08.21"]
[EventType "team"]

1. e4 c5 2. Nc3 Nc6 3. Bb5 Nd4 4. Bc4 e6 5. Nge2 Nf6 6. O-O a6 7. d3 b5 8. Bb3
Nc6 9. f4 d5 10. e5 Ng4 11. h3 h5 12. a4 b4 13. Nb1 Nh6 14. Be3 Nf5 15. Bf2 a5
16. Nd2 h4 17. Qe1 Be7 18. Nf3 Ba6 19. Rd1 Qc7 20. c4 bxc3 21. bxc3 Rb8 22. Ba2
O-O 23. Rd2 Qd8 24. Kh2 d4 25. cxd4 Ncxd4 26. Nexd4 cxd4 27. Qe2 Rb4 28. Rc1
Rxa4 29. Rdc2 Bb7 30. Bc4 Bd5 31. Bxd5 Qxd5 32. Rc7 Ra2 33. R1c2 Ra1 34. R7c4 a4
35. Nxd4 a3 36. Nc6 Qb5 37. Nxe7+ Nxe7 38. Bc5 Nf5 39. Bf2 Qb3 40. Rc8 a2 41.
Rxf8+ Kxf8 42. Rc8+ Ke7 43. Ra8 Qb1 44. Bc5+ Kd7 45. Ra7+ Kc8 46. Ra8+ Kd7 47.
Ra7+ Kd8 48. Ra8+ Kd7 1/2-1/2

[Event "Online Olym Top DivC 2020"]
[Site "chess.com INT"]
[Date "2020.08.23"]
[Round "8.3"]
[Board "2"]
[White "Petkov, Momchil"]
[Black "Zrikem, Nassim"]
[Result "1-0"]
[WhiteTitle "FM"]
[BlackTitle "FM"]
[WhiteElo "2315"]
[BlackElo "1942"]
[WhiteTeam "Bulgaria"]
[BlackTeam "Morocco"]
[WhiteFideId "2921642"]
[BlackFideId "9002693"]
[EventDate "2020.08.21"]
[EventType "team"]

1. d4 d5 2. c4 e6 3. Nc3 Nf6 4. cxd5 exd5 5. Bg5 Be7 6. e3 h6 7. Bh4 c6 8. Bd3
Nbd7 9. Qc2 O-O 10. Nf3 b6 11. O-O Bb7 12. Rad1 c5 13. Bf5 g6 14. Bh3 Ne4 15.
Bxe7 Qxe7 16. Bxd7 Nxc3 17. Qxc3 Qxd7 18. dxc5 Rac8 19. b4 Qe7 20. Rc1 Ba6 21.
Rfd1 bxc5 22. bxc5 Bc4 23. Ne5 Rxc5 24. Qa3 Rfc8 25. Nxc4 dxc4 26. Rxc4 Kf8 27.
Qb2 Kg8 28. Rcd4 Rc2 29. Qb3 R2c3 30. Qb1 R3c7 31. h4 Kg7 32. h5 Qe6 33. hxg6
fxg6 34. Qb2 Kh7 35. Rd6 Qf7 36. Qa3 Qe7 37. Qa4 Rc1 38. Rd7 1-0

[Event "Online Olym Top DivC 2020"]
[Site "chess.com INT"]
[Date "2020.08.23"]
[Round "8.3"]
[Board "3"]
[White "Alaoui Belghiti, Chaimaa"]
[Black "Salimova, Nurgyul"]
[Result "0-1"]
[WhiteTitle "WFM"]
[BlackTitle "IM"]
[WhiteElo "1703"]
[BlackElo "2372"]
[WhiteTeam "Morocco"]
[BlackTeam "Bulgaria"]
[WhiteFideId "9002375"]
[BlackFideId "2915138"]
[EventDate "2020.08.21"]
[EventType "team"]

1. c4 e6 2. Nc3 d5 3. cxd5 exd5 4. d4 Nf6 5. a3 Be7 6. Bg5 O-O 7. Nf3 Nbd7 8. e3
Re8 9. Bd3 Nf8 10. O-O c6 11. Re1 Bg4 12. Qc2 Bxf3 13. gxf3 Nh5 14. Bxe7 Qxe7
15. Ne2 g6 16. Kh1 Qh4 17. Ng3 Nxg3+ 18. fxg3 Qf6 19. Qg2 Re7 20. Re2 Rae8 21.
Rae1 Ne6 22. h4 Ng7 23. Qf2 Qd6 24. e4 dxe4 25. Bxe4 Ne6 26. Rd2 Nc7 27. Red1
Nd5 28. Bxd5 Qxd5 29. Rd3 Re2 30. Qf1 Rxb2 31. Re1 Qd7 32. Rxe8+ Qxe8 0-1

[Event "Online Olym Top DivC 2020"]
[Site "chess.com INT"]
[Date "2020.08.23"]
[Round "8.3"]
[Board "4"]
[White "Antova, Gabriela"]
[Black "Aattar, Ikram"]
[Result "1-0"]
[WhiteTitle "FM"]
[WhiteElo "2238"]
[BlackElo "1407"]
[WhiteTeam "Bulgaria"]
[BlackTeam "Morocco"]
[WhiteFideId "2915235"]
[BlackFideId "9003002"]
[EventDate "2020.08.21"]
[EventType "team"]

1. d4 c6 2. Nf3 d5 3. c4 Nf6 4. Nc3 Nbd7 5. e3 Qc7 6. Bd2 e5 7. cxd5 cxd5 8. Nb5
Qb8 9. Rc1 exd4 10. Nc7+ Kd8 11. Nxd4 Nb6 12. Bd3 Bd6 13. Ndb5 Bxc7 14. Nxc7 Ne8
15. Nxa8 Nxa8 16. Bc3 Qd6 17. O-O Nf6 18. Qf3 Nb6 19. Rfd1 Bg4 20. Bxf6+ Qxf6
21. Qxg4 Qxb2 22. Be4 Re8 23. Bxd5 Nxd5 24. Rc8+ Ke7 25. Qe4+ Kf6 26. Rxe8 Qe2
27. Qxd5 1-0

[Event "Online Olym Top DivC 2020"]
[Site "chess.com INT"]
[Date "2020.08.23"]
[Round "8.3"]
[Board "5"]
[White "Ghanoui, Nidal"]
[Black "Yordanov, Lachezar"]
[Result "0-1"]
[BlackTitle "FM"]
[WhiteElo "1919"]
[BlackElo "2319"]
[WhiteTeam "Morocco"]
[BlackTeam "Bulgaria"]
[WhiteFideId "9003231"]
[BlackFideId "2918927"]
[EventDate "2020.08.21"]
[EventType "team"]

1. e4 c5 2. b3 Nc6 3. Bb2 d6 4. Bb5 Bd7 5. Bxc6 Bxc6 6. d3 d5 7. Nd2 e6 8. Ne2
Nf6 9. Ng3 Be7 10. O-O Qc7 11. Qe2 d4 12. a4 h5 13. Nc4 h4 14. Nh1 O-O-O 15. f4
Rdg8 16. Bc1 Nd7 17. h3 Nb6 18. Ne5 Be8 19. a5 Nd7 20. Nc4 Nb8 21. Bd2 Nc6 22.
Nf2 f6 23. e5 f5 24. Rfe1 Kb8 25. Nd1 g5 26. fxg5 Bxg5 27. Ndb2 Nb4 28. Rac1
Bxd2 29. Qxd2 Bc6 30. Re2 Nd5 31. Rf1 Rg3 32. Rf3 Nc3 33. Rxg3 Nxe2+ 34. Qxe2
hxg3 35. Qe1 Qg7 36. Nd6 f4 37. Nbc4 f3 38. gxf3 Rxh3 39. Ne4 Qh6 40. Nxg3 Qh4
41. Kg2 Rh2+ 42. Kg1 Qh3 0-1

[Event "Online Olym Top DivC 2020"]
[Site "chess.com INT"]
[Date "2020.08.23"]
[Round "8.3"]
[Board "6"]
[White "Krasteva, Beloslava"]
[Black "Makhlouf, Ahlam"]
[Result "1-0"]
[WhiteTitle "FM"]
[BlackTitle "WFM"]
[WhiteElo "2296"]
[BlackElo "1419"]
[WhiteTeam "Bulgaria"]
[BlackTeam "Morocco"]
[WhiteFideId "2922029"]
[BlackFideId "9003380"]
[EventDate "2020.08.21"]
[EventType "team"]

1. d4 Nf6 2. c4 g6 3. Nc3 Bg7 4. e4 d6 5. h3 O-O 6. Be3 e5 7. d5 Ne8 8. g4 Na6
9. Nf3 f5 10. gxf5 gxf5 11. exf5 Bxf5 12. Rg1 Nc5 13. b4 Ne4 14. Nxe4 Bxe4 15.
Ng5 Bf5 16. Bd3 Kh8 17. Bxf5 Rxf5 18. Qh5 Nf6 19. Nf7+ Kg8 20. Nh6+ Kh8 21. Qxf5
Qf8 22. Bg5 e4 23. Bxf6 Bxf6 24. Rg8+ Qxg8 25. Nxg8 1-0

[Event "Online Olym Top DivC 2020"]
[Site "chess.com INT"]
[Date "2020.08.23"]
[Round "8.4"]
[Board "1"]
[White "Adams, Michael"]
[Black "Lupulescu, Constantin"]
[Result "0-1"]
[WhiteTitle "GM"]
[BlackTitle "GM"]
[WhiteElo "2706"]
[BlackElo "2656"]
[WhiteTeam "England"]
[BlackTeam "Romania"]
[WhiteFideId "400041"]
[BlackFideId "1207822"]
[EventDate "2020.08.21"]
[EventType "team"]

1. e4 c5 2. Nf3 d6 3. d4 cxd4 4. Qxd4 a6 5. Be2 Nc6 6. Qe3 Nf6 7. O-O e6 8. Rd1
Qc7 9. c4 Be7 10. Nc3 O-O 11. b3 b6 12. Ba3 Bb7 13. Rac1 Nb8 14. e5 dxe5 15.
Bxe7 Qxe7 16. Nxe5 Nbd7 17. Nxd7 Nxd7 18. Nd5 Bxd5 19. cxd5 Rfd8 20. Rc7 e5 21.
d6 Qf6 22. Bc4 Kh8 23. a4 b5 24. axb5 axb5 25. Bxb5 Nf8 26. Ra7 Rab8 27. Bc4 Ne6
28. h3 h6 29. Re1 Rxd6 30. Qxe5 Qxe5 31. Rxe5 Kg8 32. Rf5 Rf8 33. Rb5 g6 34.
Rbb7 h5 35. h4 Kg7 36. g3 Kf6 37. Kg2 Rc6 38. Rd7 Rb6 39. Kf3 Rc6 40. Ke3 Rb6
41. Kd2 Rc6 42. Kc3 Rb6 43. f4 Rc6 44. Kb4 Rb8+ 45. Ka3 Rf8 46. Bd5 Rc3 47. Ra6
Rxg3 48. Rdd6 Re8 49. Rac6 Rg4 50. b4 Rxh4 51. b5 Rxf4 52. b6 Rd4 53. b7 Rb8 54.
Rb6 h4 55. Bh1 Rxd6 56. Rxd6 Ke7 57. Rb6 Nd8 58. Kb4 g5 59. Ka5 g4 60. Ka6 Nxb7
61. Bxb7 h3 62. Rh6 f5 63. Kb6 f4 64. Kc7 Rxb7+ 65. Kxb7 f3 0-1

[Event "Online Olym Top DivC 2020"]
[Site "chess.com INT"]
[Date "2020.08.23"]
[Round "8.4"]
[Board "2"]
[White "Parligras, Mircea-Emilian"]
[Black "McShane, Luke J"]
[Result "1/2-1/2"]
[WhiteTitle "GM"]
[BlackTitle "GM"]
[WhiteElo "2591"]
[BlackElo "2680"]
[WhiteTeam "Romania"]
[BlackTeam "England"]
[WhiteFideId "1204297"]
[BlackFideId "404853"]
[EventDate "2020.08.21"]
[EventType "team"]

1. d4 Nf6 2. c4 e6 3. Nf3 Bb4+ 4. Bd2 c5 5. Bxb4 cxb4 6. e3 O-O 7. Be2 b6 8. O-O
Bb7 9. a3 Na6 10. axb4 Nxb4 11. Qb3 Qe7 12. Nc3 d5 13. Ne5 Rfc8 14. Rfc1 dxc4
15. Bxc4 h6 16. h3 a5 17. Na2 Nfd5 18. Nxb4 Nxb4 19. Qd1 Qg5 20. Qg4 Qxg4 21.
hxg4 1/2-1/2

[Event "Online Olym Top DivC 2020"]
[Site "chess.com INT"]
[Date "2020.08.23"]
[Round "8.4"]
[Board "3"]
[White "Houska, Jovanka"]
[Black "Bulmaga, Irina"]
[Result "1/2-1/2"]
[WhiteTitle "IM"]
[BlackTitle "IM"]
[WhiteElo "2381"]
[BlackElo "2434"]
[WhiteTeam "England"]
[BlackTeam "Romania"]
[WhiteFideId "405094"]
[BlackFideId "13903063"]
[EventDate "2020.08.21"]
[EventType "team"]

1. d4 Nf6 2. Nf3 g6 3. Nbd2 Bg7 4. e4 d6 5. Bb5+ c6 6. Bd3 O-O 7. O-O c5 8. c3
cxd4 9. cxd4 e5 10. dxe5 dxe5 11. Nc4 Nc6 12. Ncxe5 Nxe5 13. Nxe5 Re8 14. Nf3
Bd7 15. e5 Ng4 16. Bf4 Nxe5 17. Nxe5 Bxe5 18. Bxe5 Rxe5 19. Qb3 Bc6 20. Rfe1 Qg5
21. Bf1 Rae8 22. Rxe5 Qxe5 23. Rd1 h5 24. h3 Qe4 25. Qc3 a6 26. b3 Qe5 27. Qxe5
Rxe5 28. Rc1 Bb5 1/2-1/2

[Event "Online Olym Top DivC 2020"]
[Site "chess.com INT"]
[Date "2020.08.23"]
[Round "8.4"]
[Board "4"]
[White "Peptan, Corina-Isabela"]
[Black "Hunt, Harriet V"]
[Result "0-1"]
[WhiteTitle "IM"]
[BlackTitle "IM"]
[WhiteElo "2392"]
[BlackElo "2414"]
[WhiteTeam "Romania"]
[BlackTeam "England"]
[WhiteFideId "1201930"]
[BlackFideId "403512"]
[EventDate "2020.08.21"]
[EventType "team"]

1. d4 Nf6 2. c4 e6 3. Nf3 b6 4. Nc3 Bb4 5. e3 Bb7 6. Bd3 Ne4 7. O-O Bxc3 8. Bxe4
Bxe4 9. bxc3 O-O 10. Qe2 c5 11. Rd1 Qe7 12. a4 Nc6 13. Nd2 Bc2 14. Re1 Bg6 15.
Nb3 Rfc8 16. a5 bxa5 17. Nxc5 Rab8 18. Ba3 d6 19. Na4 Qc7 20. e4 Ne7 21. f3 Rb3
22. c5 d5 23. Reb1 Rcb8 24. Qc2 Rxb1+ 25. Rxb1 h5 26. Re1 Qc6 27. h3 Qb5 28. Kh2
Nc6 29. Nb2 Qb3 30. Qxb3 Rxb3 31. exd5 exd5 32. Ra1 Rxc3 33. Na4 Rb3 34. Bb2 Rb4
35. Bc3 Rc4 36. Ra3 Nxd4 37. Nb2 Rxc3 38. Rxc3 Nc6 39. Rb3 Kf8 40. Rb7 d4 41.
Rc7 Nb4 42. c6 d3 43. Rc8+ Ke7 44. Nc4 Bf5 45. Rc7+ Kd8 46. Rxa7 Nxc6 47. Ra6
Kc7 48. Kg3 Be6 49. Rxc6+ Kxc6 50. Ne5+ Kd5 51. Nxd3 Kd4 52. Nb2 Bb3 0-1

[Event "Online Olym Top DivC 2020"]
[Site "chess.com INT"]
[Date "2020.08.23"]
[Round "8.4"]
[Board "5"]
[White "Wadsworth, Matthew J"]
[Black "Deac, Bogdan-Daniel"]
[Result "1/2-1/2"]
[WhiteTitle "IM"]
[BlackTitle "GM"]
[WhiteElo "2416"]
[BlackElo "2625"]
[WhiteTeam "England"]
[BlackTeam "Romania"]
[WhiteFideId "415804"]
[BlackFideId "1226380"]
[EventDate "2020.08.21"]
[EventType "team"]

1. c4 b6 2. Nc3 c5 3. e4 Bb7 4. Nge2 e6 5. g3 Nc6 6. Bg2 Nd4 7. d3 Nxe2 8. Qxe2
Ne7 9. O-O Nc6 10. Be3 Be7 11. f4 O-O 12. Qf2 f5 13. exf5 Rxf5 14. Be4 Rf8 15.
Qg2 Rb8 16. f5 exf5 17. Bd5+ Kh8 18. Bf4 Rc8 19. Nb5 Ba6 20. Rae1 h6 21. Qh3 Rf6
22. Bg5 Bxb5 23. cxb5 Rd6 24. bxc6 Bxg5 25. Qxf5 dxc6 26. Be4 Qg8 27. h4 Bf6 28.
b3 Rf8 29. Kg2 Re8 30. Qh5 Re5 31. Rf5 Rde6 32. Ref1 Rxf5 33. Qxf5 Rd6 34. Qg6
Be5 35. Qh5 Bd4 36. Rf7 Rf6 37. Rxf6 Bxf6 38. Qg6 b5 39. Bxc6 Qe6 40. Be4 Kg8
41. Qh7+ Kf7 42. Qh8 Qg4 43. Qb8 Qe2+ 44. Kh3 Qf1+ 45. Kh2 Qe2+ 46. Bg2 Qxd3 47.
Qxa7+ Be7 48. Qb7 Qe2 49. Kh3 Qe6+ 50. Kh2 Qe2 51. Qf3+ Qxf3 52. Bxf3 Kf6 53.
Be2 b4 54. Kg2 Ke5 55. Kf3 Kd4 56. Bc4 Kc3 57. h5 Kb2 58. g4 Kxa2 59. Ke4 Kb2
60. Kf5 Kc3 61. Bd5 Bf6 62. Bc4 Kd4 63. Be6 Ke3 64. Bc4 Bg5 65. Be6 1/2-1/2

[Event "Online Olym Top DivC 2020"]
[Site "chess.com INT"]
[Date "2020.08.23"]
[Round "8.4"]
[Board "6"]
[White "Lehaci, Miruna-Daria"]
[Black "Kalaiyalahan, Akshaya"]
[Result "1-0"]
[WhiteTitle "WFM"]
[BlackTitle "FM"]
[WhiteElo "2223"]
[BlackElo "2149"]
[WhiteTeam "Romania"]
[BlackTeam "England"]
[WhiteFideId "1234765"]
[BlackFideId "422894"]
[EventDate "2020.08.21"]
[EventType "team"]

1. e4 c5 2. Nf3 e6 3. d4 cxd4 4. Nxd4 Nc6 5. Nc3 Qc7 6. Be3 a6 7. Qf3 Ne5 8. Qg3
h5 9. f4 h4 10. Qh3 Nc4 11. Bxc4 Qxc4 12. O-O-O Bb4 13. Nde2 Be7 14. Bd4 f6 15.
Qg4 Kf8 16. e5 f5 17. Qf3 Nh6 18. h3 Rb8 19. Ba7 Ra8 20. Bf2 Rb8 21. Kb1 b5 22.
Rd4 Bb7 23. Qe3 Qc7 24. Qd2 Bc6 25. Rg1 b4 26. Nd1 Nf7 27. Ne3 Bb5 28. Rd1 Rb7
29. Nc1 a5 30. Bg1 Bc5 31. Nb3 Be7 32. Qf2 a4 33. Nd2 a3 34. Ndc4 Bc5 35. Qd2
axb2 36. Nd6 Nxd6 37. exd6 Qa5 38. Nc4 Bxc4 39. Rxc4 Rb5 40. Bxc5 Rxc5 41. Qxb4
Qxb4 42. Rxb4 Kf7 43. Rb7 Rhc8 44. Rxd7+ Kf6 45. Rd2 Rb8 46. Ra7 Rc4 47. d7 Rd8
48. Rb7 Rxf4 49. Kxb2 Ke7 50. Kb3 g5 51. a4 Rf1 52. Kb2 Rf4 53. a5 Ra4 54. Ra7
Rb8+ 55. Kc3 Ra3+ 56. Kc4 Rd8 57. a6 g4 58. hxg4 fxg4 59. Kb4 Ra1 60. c4 h3 61.
gxh3 gxh3 62. c5 Rb1+ 63. Kc3 Rc1+ 64. Kb4 Rb1+ 65. Ka5 Rc1 66. Kb6 Rb1+ 67. Kc7
Rh1 68. Rb7 h2 69. c6 Ra1 70. Rxh2 Rxa6 71. Rh7+ 1-0

[Event "Online Olym Top DivC 2020"]
[Site "chess.com INT"]
[Date "2020.08.23"]
[Round "8.5"]
[Board "1"]
[White "Nepomniachtchi, Ian"]
[Black "Aronian, Levon"]
[Result "1/2-1/2"]
[WhiteTitle "GM"]
[BlackTitle "GM"]
[WhiteElo "2784"]
[BlackElo "2773"]
[WhiteTeam "Russia"]
[BlackTeam "Armenia"]
[WhiteFideId "4168119"]
[BlackFideId "13300474"]
[EventDate "2020.08.21"]
[EventType "team"]

1. e4 e5 2. Bc4 Nf6 3. d3 c6 4. Nf3 d5 5. Bb3 Bb4+ 6. c3 Bd6 7. O-O O-O 8. exd5
cxd5 9. Bg5 Be6 10. Re1 Nbd7 11. Nbd2 Qb8 12. Bh4 b5 13. Bg3 a5 14. a3 Re8 15.
Nf1 Nh5 16. Nxe5 Bxe5 17. Qxh5 Bxg3 18. hxg3 Nf6 19. Qh4 Qb6 20. Nd2 b4 21. axb4
axb4 22. Rxa8 Rxa8 23. Qxb4 Qxb4 24. cxb4 Rb8 25. Ra1 g5 26. Ra4 Kg7 27. Nf3 Bd7
28. Ra7 Rxb4 29. Bxd5 Rxb2 30. Kf1 Rb1+ 31. Ke2 Rb2+ 32. Ke1 Rb1+ 33. Ke2 Rb2+
34. Kf1 Rb1+ 35. Ne1 Bb5 36. Bc4 Bxc4 37. dxc4 Ne4 38. Ra2 Rc1 39. Rc2 Rxc2 40.
Nxc2 Nd2+ 1/2-1/2